Movies Quiz

Random Movies or Cast Quiz

Movies by First Names Quiz Stats

 Plays Quiz Updated Mar 26, 2015

Also try: TV by First Names
Challenge
Share
Tweet
Embed
Score 0/23 Timer 07:00
5 Plays Today
Actors' First Names Movie % Correct
Daniel, Rupert and EmmaHarry Potter
86%
Drew, Cameron and LucyCharlie's Angels
84.7%
George, Brad, Matt, Carl, Elliott, Bernie, Don, Scott, Casey, Eddie and ShaoboOcean's Eleven
78.7%
Elijah, Sean, Billy, Dominic, Orlando, John, Ian, Viggo and SeanThe Lord of the Rings: The Fellowship of the Ring
78.6%
Uma, Lucy, Vivica, Daryl and MichaelKill Bill: Vol. 1
76%
Keanu, Laurence, Carrie-Anne, Joe, Julian, Belinda, Marcus and AnthonyThe Matrix
75.6%
Clint, Hilary and MorganMillion Dollar Baby
72.6%
Molly, Emilio, Ally, Judd and Anthony MichaelThe Breakfast Club
62.5%
Lindsay, Rachel, Lacey and AmandaMean Girls
61.9%
Hugh, Halle, Famke, James, Anna and PatrickX-Men
51.8%
Wil, River, Corey and JerryStand by Me
50.7%
Leonardo, Joseph, Tom, Ellen, Ken and DileepInception
50.3%
Actors' First Names Movie % Correct
Mike, Eddie, Cameron and AntonioShrek 2
48.7%
Bill, Dan, Harold and ErnieGhostbusters
46.6%
Sylvester, Jason, Jet, Dolph, Randy, Terry and MickeyThe Expendables
45.2%
Quentin, Harvey, Michael, Steve, Tim and EdwardReservoir Dogs
39.9%
Kevin, Gabriel, Kevin, Stephen and BenicioThe Usual Suspects
35.3%
William, Leonard, DeForest, James, Walter, Nichelle and GeorgeStar Trek
34.5%
Judy, Bert, Ray and JackThe Wizard of Oz
33.6%
Yul, Steve, Charles, James, Robert, Horst and BradThe Magnificent Seven
25.7%
Sean, Corey, Jonathan, Jeff, Josh, Kerri and MarthaThe Goonies
20.3%
Tom, Tom, Edward, Barry, Adam, Giovanni, Jeremy and VinSaving Private Ryan
19.7%
Charles, Jim, Telly, Tom, Ben, John, Stuart, Trini, Colin, Al, Donald and ClintThe Dirty Dozen
17%

You're not logged in!

Compare scores with friends on all Sporcle quizzes.
Join for Free
OR
Log In

You Might Also Like...

Show Comments

Extras

Top Quizzes Today


Score Distribution

Your Account Isn't Verified!

In order to create a playlist on Sporcle, you need to verify the email address you used during registration. Go to your Sporcle Settings to finish the process.

Report this User

Report this user for behavior that violates our Community Guidelines.

Details: